| 000 | 00842cab a2200289 4500 | ||
|---|---|---|---|
| 001 | WB3337-32 | ||
| 008 | 090401t1997 xxu||||| |||| 00| 0 eng d | ||
| 035 | _a(Sirsi) u81050 | ||
| 041 | _aeng | ||
| 245 | _aTesco expands Internet shopping | ||
| 260 | _c1997 | ||
| 350 | _a0 | ||
| 490 |
_aSunday Times _v21 September 1997, 3:1 |
||
| 490 |
_aDaily Telegraph _v22 September 1997, 23(2) |
||
| 520 | _aTesco is to expand its home shopping delivery service to customers within the M25 motorway. Assesses the long-term impact on high street and out-of-town stores. | ||
| 650 | _aCALL CENTRES | ||
| 650 | _aHOME SHOPPING | ||
| 650 | _aICELAND | ||
| 650 | _aINTERNET | ||
| 650 | _aRETAILING | ||
| 690 | _aHOME SHOPPING | ||
| 690 | _aINTERNET | ||
| 690 | _aSUPERMARKETS | ||
| 690 | _aTESCO | ||
| 942 | _n0 | ||
| 948 | _c23/09/1997 | ||
| 999 |
_c51064 _d51064 |
||